000
00318nam a2200109Ia 4500
008
171211s9999 xx 000 0 und d
245
4
_a
The Embattled but Empowered Community
245
_c
Wilma Wells Davies
260
_c
2010
650
_x
Family and Friendship
856
_u
http://down.ebook777.com/065/9004178309.pdf
999
_c
350263
_d
350263